Normal view
MARC view
- Brown, John,
Entry Personal Name
001 - CONTROL NUMBER
- control field: 97275
003 - CONTROL NUMBER IDENTIFIER
- control field: NUST
005 - DATE AND TIME OF LATEST TRANSACTION
- control field: 20220815170511.0
008 - FIXED-LENGTH DATA ELEMENTS
- fixed length control field: 220815|| aca||aabn | a|a d
040 ## - CATALOGING SOURCE
- Original cataloging agency: NUST
- Transcribing agency: NUST
100 ## - HEADING--PERSONAL NAME
- Personal name: Brown, John,
- Dates associated with a name: 1800-1859
670 ## - SOURCE DATA FOUND
- Source citation: Work cat.: (NUST)0: Brands, H. W., author. 97274, The zealot and the emancipator :
